000 00693nam a2200241 4500
003 KPN
005 20260129105406.0
008 20260129b 00| 0 my d
020 _a9789836244727
_cRM54.72
_qpaperback
020 _a9789836244727
040 _cKPN
082 0 4 _a364.1323 ALA 1995
090 _a364.1323 ALA 1995
_bALA
100 _aAlatas, Syed Hussein,
_d1928-2007
245 1 0 _aRasuah :
_bsifat sebab dan fungsi /
_cSyed Hussein Alatas
260 _aKuala Lumpur :
_bDewan Bahasa dan Pustaka,
_c1995
300 _axxvi, 307ms. ;
_c22cm
500 _aMengandungi indeks
504 _aBibliografi: ms. 281 - 299
650 0 _aBribery
650 0 _aPolitical corruption
942 _2ddc
_c1
_n0
999 _c1705
_d1705